|
|
|
|
| LEADER |
01344nam a22003017a 4500 |
| 001 |
32908 |
| 003 |
BD-DhAAL |
| 005 |
20230201134738.0 |
| 008 |
180329t2014 bg ||||| |||| 00| p ben d |
| 020 |
|
|
|a 984412638 X
|
| 040 |
|
|
|a BD-DhAAL
|d BD-DhAAL
|d BD-DhAAL
|
| 041 |
|
|
|a ben
|
| 082 |
|
|
|a 891.441708
|
| 100 |
|
|
|a শামসুর রাহমান
|d 1929-2006.
|9 51996
|
| 245 |
|
|
|a কবিতা সমগ্র /
|n ৪র্থ খন্ড,
|c শামসুর রাহমান
|
| 260 |
|
|
|a ঢাকা :
|b অনন্যা,
|c c২০১৪
|
| 300 |
|
|
|a ৮৬৪ পৃষ্ঠা ;
|c ২২ সে.মি.
|
| 362 |
|
|
|a ৪র্থ খন্ড
|
| 500 |
|
|
|a Poems.
|
| 526 |
|
|
|a OCA
|
| 541 |
|
|
|a Office Of Co-Curricular Activities
|e 32908
|
| 650 |
|
|
|a Bengali poetry
|y 20th century
|9 25414
|
| 650 |
|
|
|a Bengali poetry
|9 25415
|
| 852 |
|
|
|a Ayesha Abed Library
|c General Stacks
|
| 942 |
|
|
|2 ddc
|c BK
|
| 999 |
|
|
|c 39178
|d 39178
|
| 952 |
|
|
|0 0
|1 0
|2 ddc
|4 0
|6 891_441708000000000_RAH
|7 0
|9 63015
|a BRACUL
|b BRACUL
|c GEN
|d 2018-03-29
|e Office Of Co-Curricular Activities
|g 500.00
|l 1
|m 1
|o 891.441708 RAH
|p 3010032908
|r 2020-03-05
|s 2018-05-07
|t 1
|v 500.00
|w 2018-03-29
|y BK
|
| 952 |
|
|
|0 0
|1 0
|2 ddc
|4 0
|6 891_441708000000000_RAH
|7 0
|9 63129
|a BRACUL
|b BRACUL
|c GEN
|d 2018-04-11
|e Ananya
|g 468.75
|l 0
|o 891.441708 RAH
|p 3010032968
|r 2018-04-11
|t 2
|v 625.00
|w 2018-04-11
|y BK
|